Normal view
MARC view
- Sidhwa, Bapsi.
Entry Personal Name
001 - CONTROL NUMBER
- control field: 14172
003 - CONTROL NUMBER IDENTIFIER
- control field: NUST
005 - DATE AND TIME OF LATEST TRANSACTION
- control field: 20190425073651.0
008 - FIXED-LENGTH DATA ELEMENTS
- fixed length control field: 190425|| aca||aabn | a|a d
040 ## - CATALOGING SOURCE
- Original cataloging agency: NUST
- Transcribing agency: NUST
100 ## - HEADING--PERSONAL NAME
- Personal name: Sidhwa, Bapsi.
- Title of a work: Ice-candy-man.
670 ## - SOURCE DATA FOUND
- Source citation: Work cat.: (NUST)0: Bapsi Sidhwa's Ice-candy-man :
